Statistics for Pairs #8

Click here to take the quiz!

General Stats

  • This quiz has been taken 76 times
  • The average score is 21 of 25

Answer Stats

HintAnswer% Correct
YesNo
97%
PancakesSyrup
97%
TallThin
97%
GinTonic
97%
EbonyIvory
95%
A timeA place
94%
LakesStreams
92%
KickingScreaming
89%
SaidDone
88%
AgesGenerations
88%
CapGown
88%
Up closePersonal
88%
A swingA miss
86%
RantRave
84%
JukingJiving
83%
NameNumber
83%
BagBaggage
81%
OddsSods
80%
Mad dogsEnglishmen
77%
WakeBake
73%
DineDash
73%
FairSquare
73%
BaitSwitch
73%
HailFarewell
67%
QuickDirty
64%

Score Distribution

Percentile by Number Answered

Percent of People with Each Score

Your Score History

You have not taken this quiz